The dutch way... : information about the broad system of educational development assistence in The Netherlands.

שמור ב:
מידע ביבליוגרפי
מחבר ראשי: Ossewaarde, Henk J.J ed, (autor)
פורמט: ספר
שפה:אנגלית
נושאים:
תגים: הוספת תג
אין תגיות, היה/י הראשונ/ה לתייג את הרשומה!

MARC

LEADER 00000cam^a2200000uu^4500
001 000474226
005 20250521000000.0
008 050901s1977^^^^^^^^^^^^r^^r^^000^0^eng^d
009 20260310124734.554
035 |a FCE 000017081 
035 |a FCE 016559 
037 |a Acervo ITESO - Biblioteca 
041 |a eng 
082 0 4 |a 370.115  |b OSS 
100 |a Ossewaarde, Henk J.J.,  |e ed  |e (autor) 
245 1 4 |a The dutch way... :  |b information about the broad system of educational development assistence in The Netherlands. 
264 |a Netherlands :  |b Nuffic,  |c 1977. 
300 |a 170 p. 
336 |a texto  |b txt  |2 rdacontenido 
337 |a sin mediación  |b n  |2 rdamedio 
338 |a volumen  |b nc  |2 rdasoporte 
649 |a XX 
650 |a Sistema educativo 
650 |a Holanda 
910 |a Fondo Centro de Estudios Educativos 
920 |a Impresos - Libros 
930 |a Fondos Especiales 
905 |a 133 
901 |a ALE016559  |b IT2  |c CEE  |u 20250521 
902 |a https://opac.biblio.iteso.mx/vufind/Record/000474226